000 00551nam a2200205 a 4500
001 13854
003 CO-ViMGA
008 141112s2004 ck r 000 u spa d
020 _a8425511054
040 _aCO-ViMGA
_bspa
_cCO-ViMGA
082 0 4 _a794.1 K335a
100 1 _aKeene, R; Levy, D.
_920196
245 1 0 _aAjedrez :
_blas aperturas eleccion y desarrollo
260 _aBarcelona :
_bHispano Europea,
_c1998
300 _a175
490 _aJaque mate
590 _aForma de adquisición : Compra
650 1 4 _aAJEDREZ
_920197
942 _2ddc
_cBK
999 _c24556
_d24556